000 00620nam a2200217Ia 4500
001 15194
003 GE_BSU
008 181216s||||||||xx |||||||||||||| ||und||
040 _cGE_BSU
080 _a821.353.1-1
100 _aშალამბერიძე, ოთარ
245 _aაჭარაში, რწმენავ ჩემო!
245 _bლექსები
245 _cრედ:ლალი კონცელიძე
260 _aბათუმი.
260 _bაჭარა
260 _c2001
300 _a56გვ;20სმ
653 _aლექსები
942 _cBK
999 _c48307
_d48307